Rendezik végre az óvóiskolák ügyét a város újab ajűnlatot tesz az államnak
Elmentve itt :
| Dokumentumtípus: | Cikk |
|---|---|
| Megjelent: |
1913-03-21
|
| Sorozat: | Délmagyarország
4 No. 67 |
| Kulcsszavak: | Oktatásügy Szeged 1913 |
| Online Access: | http://dmarchiv.bibl.u-szeged.hu/42595 |
| LEADER | 00468nab a2200145 i 4500 | ||
|---|---|---|---|
| 001 | delm42595 | ||
| 005 | 20180928090502.0 | ||
| 008 | 180927s1913 hu o 0|| hun d | ||
| 040 | |a SZTE Délmagyarország Archívum |b hun | ||
| 041 | |a hun | ||
| 245 | 0 | 0 | |a Rendezik végre az óvóiskolák ügyét |h [elektronikus dokumentum] : |b a város újab ajűnlatot tesz az államnak |
| 260 | |c 1913-03-21 | ||
| 300 | |a 2-3 | ||
| 490 | 0 | |a Délmagyarország |v 4 No. 67 | |
| 695 | |a Oktatásügy Szeged 1913 | ||